000 01438nam a22003737a 4500
003 CHAP
005 20220329143444.0
008 091019s2009 mx a r 00010 spa d
010 _a96904
011 _a97876
035 _a108548
040 _cCHAP
090 _aTesis
100 1 _aRobledo Esqueda, Ericka Magdalena
_998034
245 1 0 _aActividad enzimática de clones de papa (Solanum tuberrosum L.) por infección natural de Phytophthora infestans Mont. de Bary
_c/por Ericka Magdalena Robledo Esqueda
260 _aChapingo, Méx. :
_bEl autor,
_c2009
300 _a69 h. :
_bilus., cuadros, gráfs.
502 _aTesis (M. C. en Protección Vegetal) -- UACH. Departamento de Parasitología Agrícola
530 _aTambién disponible en línea
590 _aALEPH
_b10
_c20130110
_lUCH01
_h1530
590 _aBATCH-UPD
_b10
_c20130110
_lUCH01
_h1058
590 _aBATCH-UPD
_b10
_c20140324
_lUCH01
_h1513
590 _aBATCH-UPD
_b10
_c20141002
_lUCH01
_h0840
590 _aCONVERSION
_b10
_c20130109
_lUCH01
_h1354
650 1 4 _aEnzimas.
_937195
650 1 4 _aPapa.
_985165
650 1 4 _aPhytophthora infestans.
_987925
650 1 4 _aSolanum.
_9108360
856 _3Finding aid
_uhttp://10.13.5.2/tesis/108548.pdf
_zTeclea aqui
901 _aBK
942 _cFOLL
949 _aTesis
_bBC
_cTES
_d33724002127926
_eTS1
_gDonaciØn
_h49621
_i108548
_sb
949 _aTesis
_bBC
_cTES
_d33724002127967
_eTS2
_fc.2
_gDonaciØn
_h49622
_i108548
_si
999 _c96904
_d96904